000 00346nam a22001457a 4500
020 _a978-93-93252-51-7
082 _a894.812.3
_bCAR/A
100 _aCAROLINE, GIGI
245 _aANCHU PRAVACHAKAR
246 _aANCHU PRAVACHAKAR
_bANCHU PRAVACHAKAR
260 _aINDIA
_bAKAPULKO
_c2024
300 _a92
650 _aMALAYALAM STORY
942 _cBK
999 _c8905
_d8905